000 00577nam a2200193Ia 4500
003 GCL
008 140319s9999 xx 000 0 ara d
040 _aGCL /
_cGCL
082 0 4 _a953.072
_bع ق
100 1 _aعادلة على الحمد
245 1 0 _aقيام الدولة الفاطمية ببلاد المغرب /
_cعادلة على الحمد
260 _a[S.N] :
_bدار مطابع المستقبل ،
_c1980
300 _a299 ص
490 _a
650 0 4 _aتاريخ
650 0 4 _aالدولة الفاطمية
650 0 4 _aالمغرب
942 _2ddc
_cBK
999 _c49028
_d49028